000 00496nam a2200181Ia 4500
008 100917s9999 xx 000 0 und d
082 _b23592
100 _aनाशिककर शांता
245 _aकीर्ति
260 _bमोहनजी शेठ हिरजी
_c1942
300 _a291
365 _b3.5
520 _aकादंबरी
630 _aकीर्ति
650 _aकादंबरी
730 _aकीर्ति
942 _cBOOK
999 _c628986
_d628983